[Event "Napoli Trofeo Caissa 2nd"]
[Site "Napoli"]
[Date "2016.11.10"]
[Round "2"]
[White "Ficco, Corrado"]
[Black "Fortuna, Armando"]
[Result "1-0"]
[WhiteElo "2030"]
[BlackElo "1657"]
[PlyCount "73"]
[EventDate "2016.11.03"]
[EventType "swiss"]
[EventRounds "7"]
[EventCountry "ITA"]
[SourceTitle "EXT 2018"]
[Source "ChessBase"]
[SourceDate "2017.10.13"]
[SourceVersion "1"]
[SourceVersionDate "2017.10.13"]
[SourceQuality "1"]

1. e4 c5 2. Nf3 Nc6 3. d4 cxd4 4. Nxd4 g6 5. c4 Bg7 6. Be3 d6 7. Nc3 Nf6 8. Be2 0-0 9. 0-0 a6 10. Qd2 Nd7 11. Nxc6 bxc6 12. Rac1 c5 13. f4 Bb7 14. Bf3 Qc7 15. b3 Rad8 16. Nd5 Bxd5 17. exd5 Rb8 18. Rc2 Rb7 19. Qd3 a5 20. Bd1 Rfb8 21. Re2 a4 22. bxa4 Rb2 23. Bb3 Rxe2 24. Qxe2 f5 25. g4 Kh8 26. g5 Re8 27. Qf3 Qb7 28. Bd2 Bd4+ 29. Kh1 e5 30. dxe6 Qxf3+ 31. Rxf3 Rxe6 32. a5 Re2 33. Bc3 Bxc3 34. Rxc3 Rf2 35. Re3 Kg8 36. Re7 Nf8 37. a6 1-0

[Event "Napoli Giglio Memorial"]
[Site "Napoli"]
[Date "2015.09.17"]
[Round "2"]
[White "Fortuna, Armando"]
[Black "Chiaiese, Luciano"]
[Result "1-0"]
[WhiteElo "1549"]
[BlackElo "1425"]
[PlyCount "51"]
[EventDate "2015.09.10"]
[EventType "swiss"]
[EventRounds "4"]
[EventCountry "ITA"]
[SourceTitle "EXT 2024"]
[Source "ChessBase"]
[SourceDate "2023.10.10"]
[SourceVersion "1"]
[SourceVersionDate "2023.10.10"]
[SourceQuality "1"]

1. e4 b6 2. d4 e6 3. c4 Bb7 4. Nc3 g6 5. Be3 Bb4 6. Qc2 Bxc3+ 7. bxc3 Ne7 8. Bd3 d5 9. cxd5 exd5 10. e5 0-0 11. Nf3 f6 12. Bh6 Re8 13. 0-0 fxe5 14. Nxe5 Qd6 15. Rae1 Ba6 16. c4 dxc4 17. Bxc4+ Bxc4 18. Qxc4+ Qd5 19. Qxc7 Nf5 20. Nxg6 Rxe1 21. Rxe1 Na6 22. Ne7+ Nxe7 23. Qxe7 Qf7 24. Qg5+ Qg6 25. Qd5+ Kh8 26. Qxa8+ 1-0